| 000 | 00742cam a2200229 a 4500 | ||
|---|---|---|---|
| 001 | 000012448 | ||
| 003 | DO-SdBNP | ||
| 005 | 20240510195604.0 | ||
| 008 | 840121s1965 ag 000 0 spa | ||
| 040 |
_aDO-SdBNP _bspa _cLC _dBNPHU |
||
| 050 | 0 | 0 |
_aLA133 _b.N3 |
| 100 | 1 |
_aNassif, Ricardo. _929171 |
|
| 245 | 1 | 0 |
_aPedagogía de nuestro tiempo : _bhechos, problemas, orientacione /. / _cRicardo Nassif. |
| 260 |
_aBuenos Aires : _bKapelusz, _c1965. |
||
| 300 |
_axv, 179 p. ; _c20 cm. |
||
| 490 | 1 | _aBiblioteca de Cultura Pedagógica | |
| 650 | 4 |
_aEducación _929032 |
|
| 650 | 0 |
_aEducation _xFines y objetivos _929029 |
|
| 830 | 0 |
_aBiblioteca de Cultura Pedagógica _929172 |
|
| 910 | _aCatalogación por copia / LC | ||
| 942 |
_2ddc _cLBS1 |
||
| 999 |
_c12105 _d12105 |
||